000 00658nam a2200229Ia 4500
003 OSt
005 20220924115253.0
006 a|||||r|||| 00| 0
007 ta
008 220923b |||||||| |||| 00| 0 urd d
024 _a313671
037 _cTextual
040 _aARTS
_cARTS
_burd
041 _2urd
_aurd
082 _aO168,1MBA1, J4
100 _aAlllahabadi Syed Basheer Husain Basheer
_9177494
245 0 _aJaam-e-Farozan
260 _aDelhi
_bAnjuman Taraqqi Urdu India
_c1954
650 _aURDU POETRY
942 _hO168,1MBA1, J4
_cTEXL
_2CC
999 _c397544
_d397544